Nonlinear phenomena in mathematical sciences
Αποθηκεύτηκε σε:
| Συγγραφή απο Οργανισμό/Αρχή: | |
|---|---|
| Άλλοι συγγραφείς: | |
| Μορφή: | Πρακτικό Συνεδρίου Βιβλίο |
| Γλώσσα: | English |
| Δημοσίευση: |
New York :
Academic Press,
1982.
|
| Θέματα: | |
| Ετικέτες: |
Προσθήκη ετικέτας
Δεν υπάρχουν, Καταχωρήστε ετικέτα πρώτοι!
|
MARC
| LEADER | 00000cam a2200000 i 4500 | ||
|---|---|---|---|
| 001 | 1/61039 | ||
| 008 | 941103s1982 nyu ||| | eng|| | ||
| 020 | |a 0124341705 | ||
| 035 | |l 10046367 | ||
| 035 | |a 1988 | ||
| 040 | |a GR-MyUA |b gre |e AACR2 | ||
| 041 | 0 | |a eng | |
| 082 | 0 | |a 515.252 | |
| 245 | 0 | 0 | |a Nonlinear phenomena in mathematical sciences / |c edited by V. Lakshmikantham. |
| 260 | |a New York : |b Academic Press, |c 1982. | ||
| 300 | |a xxvi, 1035 σ. : |b εικ. ; |c 24 εκ. | ||
| 500 | |a "Proceedings of an International Conference on Nonlinear Phenomena in Mathematical Sciences, held at the University of Texas at Arlington ... June 16-20, 1980"--P. | ||
| 504 | |a Περιέχει βιβλιογραφικές αναφορές και ευρετήριο. | ||
| 650 | 0 | 0 | |a Nonlinear theories |x Congresses. |
| 700 | 1 | |a Lakshmikantham, V., |d 1926- |e edt | |
| 711 | 2 | |a International Conference on Nonlinear Phenomena in Mathematical Sciences |n (4th : |d 1980 : |c University of Texas at Arlington) | |
| 852 | |a INST |b SAMOS |e 19941103 |h 515.252 NON |p 005300001531 |q 005300001531 |t BK |y 0 | ||
| 909 | |a Σ |b 009720 | ||